| 000 | 00709pam a2200241 a 4500 | ||
|---|---|---|---|
| 001 | 3399603 | ||
| 005 | 20250506121617.0 | ||
| 008 | 890509s1990 ilua b 001 0 eng | ||
| 020 | _a0256076235 | ||
| 050 | 0 | 0 |
_aHF5351 _b.N53 1990 |
| 082 | 0 | 0 |
_a650 _220 |
| 100 | 1 | _aNickels, William G. | |
| 245 | 1 | 0 |
_aUnderstanding business / _cWilliam G. Nickels, James M. McHugh, Susan M. McHugh. |
| 250 | _a2nd ed. | ||
| 260 |
_aHomewood, IL : _bIrwin, _cc1990. |
||
| 300 |
_axxxiv, 801, [45] p. : _bill. (some col.) ; _c27 cm. |
||
| 500 | _aIncludes indexes. | ||
| 650 | 0 | _aBusiness. | |
| 650 | 0 |
_aBusiness _xVocational guidance. |
|
| 700 | 1 | _aMcHugh, James M. | |
| 700 | 1 | _aMcHugh, Susan M. | |
| 942 |
_2lcc _cBK _n0 |
||
| 999 |
_c5672 _d5672 |
||